000
00222 a2200097 4500
001
38628
100
_a
Qazi Abul Sattar
245
_a
Khalid Bin Waleed
260
_a
Lahore
_b
Waheed Book Cent
_c
1998
090
_c
24496
_d
24496
942
_a
NUST-CAE
_c
M
_c
16109
999
_c
273701
_d
273701